000 01588nam a2200313Ia 4500
999 _c55200
_d55200
001 22275
003 GE_BSU
005 20230222124621.0
008 181216s2006||||ge |||||||||||||| ||geo||
020 _a99940-31-16-3
040 _cGE_BSU
041 _ageo
080 _a27:821.353.1'01 მ-68
100 _aმიმინოშვილი, რომან
_917012
245 _aიოანე დამასკელის "გარდამოცემის" ქართული თარგმანები /
_cსარედ. ჯგ. : ვალერი ასათიანი და სხვ.
264 _aთბილისი :
_bლოგოსი,
_c2006.
300 _a377 გვ. ;
_c28 სმ.
500 _aპარალელური თავფურცელი ბერძნულ და ინგლისურ ენებზე
500 _aსახელთა საძ. : გვ. 375-377
504 _aბიბლიოგრაფია ტექსტების შენიშვნებში
520 _aრეზიუმე ბერძნულ და ინგლისურ ენებზე
541 _h20 ლ.
653 _aიოანე დამასკელის "გარდამოცემის" ქართული თარგმანები
653 _aრელიგია
653 _aღვთისმეტყველება
653 _aქრისტიანობა
653 _aთარგმნა ბერძნულიდან
942 _cBK
_2udc